000 01091cab a2200313 4500
001 WB3220-49
008 090401t1996 xxu||||| |||| 00| 0 eng d
035 _a(Sirsi) u8403
041 _aeng
245 _aFuture of leisure development
260 _c1996
350 _a0
490 _aPlanning Week
_v4(20) 16 May 1996, 6
490 _aRICS Press Release
_v(PR60.comm) 17 May 1996, (4)
520 _aAs the RICS and Association of Metropolitan Authorities predict the leisure market will see a rise in large out-of-town developments, including theme pubs and multiplex cinemas, some planners express concern that the needs of town centres and sustainable development may be forgotten.
650 _aFAMILY ENTERTAINMENT CENTRES
650 _aHOTELS
650 _aLEISURE DEVELOPMENT
650 _aLEISURE MARKET
650 _aMULTIPLEX CINEMAS
650 _aOUT-OF-TOWN DEVELOPMENT
650 _aPUBS
650 _aSUSTAINABLE DEVELOPMENT
650 _aTHEME PUBS
650 _aTOWN CENTRES
690 _aLEISURE AND RECREATION
942 _n0
948 _c04/03/1997
999 _c5173
_d5173